Stanovenie kumarínov v nápojoch

Gespeichert in:
Bibliographische Detailangaben
1. Verfasser: Baránková, Kristína (Verfasst von)
Weitere Verfasser: Sádecká, Jana (Betreuung Doktorarbeit)
Format: Manuskript Buch
Sprache:Slowakisch
Veröffentlicht: 2019
Schlagworte:
Online-Zugang:http://is.stuba.sk/zp/portal_zp.pl?podrobnosti=135684
Tags: Tag hinzufügen
Keine Tags, Fügen Sie das erste Tag hinzu!

MARC

LEADER 00000ntm a22000003a 4500
001 stuzp74212
003 SK-STU
005 20190622211537.4
007 ta
008 150427s2015----xo-----f-mn---000-0-slo-d
040 |a STU  |b slo 
041 0 |a slo 
100 1 |a Baránková, Kristína  |u 041000  |4 aut  |U FCHPT Fakulta chemickej a potravinárskej technológie  |T FCHPT Ústav analytickej chémie  |X 86669  |U C1000  |Y 99  |7 86669 
242 0 1 |a Determination of Coumarins in Beverages  |y eng 
245 1 0 |a Stanovenie kumarínov v nápojoch 
260 |c 2019 
650 4 |a kumaríny  |2 slo 
650 4 |a nápoje  |2 slo 
650 4 |a fluorescencia  |2 slo 
650 4 |a coumarins  |2 eng 
650 4 |a beverages  |2 eng 
650 4 |a fluorescence  |2 eng 
700 1 |a Sádecká, Jana  |u 041000  |k Z1  |4 ths  |U FCHPT Fakulta chemickej a potravinárskej technológie  |T FCHPT Ústav analytickej chémie  |X 3383  |U C1000  |Y 99  |7 3383 
856 4 |u http://is.stuba.sk/zp/portal_zp.pl?podrobnosti=135684